Statistics for Historical Figures by Letter - S #2

Click here to take the quiz!

General Stats

  • This quiz has been taken 160 times
  • The average score is 10 of 20

Answer Stats

HintFigure% Correct
Soviet leader after LeninJoseph Stalin
100%
"Jaws" and "Jurassic Park" directorSteven Spielberg
86%
Gladiator who led a revoltSpartacus
83%
California governor, 2003–2011Arnold
Schwarzenegger
77%
Most famous violin makerAntonio Stradivari
73%
Founder of the Mormon ChurchJoseph Smith
64%
Third wife of Henry VIIIJane Seymour
58%
Egyptian president killed in 1981Anwar Sadat
57%
3-time Brazilian F1 championAyrton Senna
56%
"Magnificent" Ottoman sultanSuleiman I
48%
Indonesian dictator, 1967–1998Suharto
47%
French Philosopher who refused
his Nobel Prize in 1964
Jean-Paul
Sartre
46%
Russian photogenic winner of
5 tennis Grand Slam titles
Maria Sharapova
45%
Lewis & Clark guideSacagawea
44%
"The Chairman of the Board"Frank Sinatra
37%
"Finlandia" composerJean Sibelius
29%
Self-proclaimed Korean religious
messiah who died in 2012
Sun Myung Moon
27%
President of Zaire, 1965–1997Mobutu Sese Seko
17%
World's richest person, 2010-2013Carlos Slim
16%
First man of the Republic to
seize power through force
Sulla
13%

Score Distribution

Percentile by Number Answered

Percent of People with Each Score

Your Score History

You have not taken this quiz